Don Quijote de La Mancha.
Uloženo v:
| Hlavní autor: | |
|---|---|
| Médium: | Kniha |
| Vydáno: |
Madrid, España
Santillana; Real Academia Española,
2004.
|
| Témata: | |
| Tagy: |
Přidat tag
Žádné tagy, Buďte první, kdo vytvoří štítek k tomuto záznamu!
|
MARC
| LEADER | 00000nam a2200000 a 4500 | ||
|---|---|---|---|
| 001 | UCK3168 | ||
| 003 | CL-VaPUC | ||
| 005 | 20240916144828.0 | ||
| 008 | 240916t2004 ||||| |||| 00| 0 eng d | ||
| 999 | |c 312435 |d 312433 | ||
| 020 | |a 84-204-6728-6 | ||
| 040 | |c Pontificia Universidad Católica de Valparaíso | ||
| 082 | 0 | 4 | |a 863 CER 2004 |2 21 |
| 100 | |a Cervantes y Saavedra, Miguel de |e autor |9 267947 | ||
| 245 | 1 | 0 | |a Don Quijote de La Mancha. |
| 260 | |a Madrid, España |b Santillana; |b Real Academia Española, |c 2004. | ||
| 300 | |a 1249 páginas. | ||
| 500 | |a c.5 Donación ELE. 9-09-2024 | ||
| 583 | |a last modification |c 20171212 06:12:47 |k Rodrigo Vera | ||
| 650 | 0 | |a Novelas españolas |9 265052 | |
| 650 | 0 | |a Literatura española |9 306261 | |
| 942 | |c BK |2 ddc | ||
| 945 | |d 20050415 00:00:00 |a cmena | ||
| 952 | |0 0 |1 0 |4 0 |6 863_000000000000000_CER_2004_2004 |7 0 |8 A |9 382805 |a BIBHIS |b BIBHIS |d 2019-11-21 |i 4109767 |o 863 CER 2004 2004 |p 4109767 |r 2025-01-20 |w 2019-11-21 |y BK |k HIS | ||
| 952 | |0 0 |1 0 |4 0 |6 863_000000000000000_CER_2004_2004 |7 0 |8 A |9 382806 |a BIBARQ |b BIBARQ |d 2019-11-21 |i 4172663 |o 863 CER 2004 2004 |p 4172663 |r 2025-01-20 |w 2019-11-21 |y BK |k ARQ | ||
| 952 | |0 0 |1 0 |4 0 |6 863_000000000000000_CER_2004_2004 |7 0 |8 A |9 382807 |a BIBEDU |b BIBEDU |d 2019-11-21 |i 4201574 |l 7 |m 4 |o 863 CER 2004 2004 |p 4201574 |r 2024-11-04 |s 2024-10-22 |w 2019-11-21 |y BK |k EBA | ||
| 952 | |0 0 |1 0 |4 0 |6 863_000000000000000_CER_2004_2004 |7 0 |8 A |9 382808 |a BIBHIS |b BIBHIS |d 2019-11-21 |i 4500229 |o 863 CER 2004 2004 |p 4500229 |r 2025-01-20 |w 2019-11-21 |y BK |k HIS | ||
| 952 | |0 0 |1 0 |2 ddc |4 0 |6 863_000000000000000_CER_2004 |7 0 |8 A |9 596826 |a BIBGIM |b BIBGIM |d 2024-09-16 |e Donación |i 5662702 |l 1 |o 863 CER 2004 |p 5662702 |q 2025-05-14 |r 2025-01-15 |s 2025-01-14 |t 5 |w 2024-09-16 |y BK |k ELE | ||